000
00238 a2200097 4500
001
9005
100
_a
Hart M H
245
_a
The 100 a Ranking of the most influention persons in History
260
_a
_b
Visual Lib
_c
090
_c
7191
_d
7191
942
_a
NUST-CAE
_c
M
_c
33813
999
_c
244078
_d
244078